[Event "LSS No Engine Cup 95 Final"]
[Site "LSS email"]
[Date "2014.06.20"]
[Round "?"]
[White "Rivas Romero, Jesus"]
[Black "Stadler, Pavel"]
[Result "1-0"]
[WhiteElo "1338"]
[BlackElo "1347"]
[PlyCount "83"]
[EventDate "2014.06.21"]
[EventType "tourn (corr)"]
[EventRounds "6"]
[EventCountry "GER"]
[SourceTitle "Corr 2015"]
[Source "ChessBase"]
[SourceDate "2015.07.17"]
[SourceVersion "1"]
[SourceVersionDate "2015.07.17"]
[SourceQuality "1"]

1. e4 c5 2. Nc3 Nc6 3. f4 g6 4. Nf3 Bg7 5. Bb5 d6 6. 0-0 Bd7 7. Bxc6 Bxc6 8. Qe1 Nf6 9. d3 0-0 10. Qh4 e6 11. f5 exf5 12. Bg5 fxe4 13. Nd2 exd3 14. Bxf6 Bxf6 15. Qxf6 Qxf6 16. Rxf6 dxc2 17. Rxd6 Rad8 18. Rxd8 Rxd8 19. Nf1 b5 20. Rc1 b4 21. Ne2 Be4 22. Kf2 Rd1 23. Ne3 Rxc1 24. Nxc1 f5 25. g3 g5 26. Ke2 f4 27. gxf4 gxf4 28. Ng4 Kf7 29. Kd2 h5 30. Nf2 Bd5 31. Nfd3 f3 32. Nxc5 Kf6 33. N5d3 a5 34. Kxc2 Kf5 35. Kd2 Kg4 36. Nf2+ Kf4 37. Ncd3+ Kf5 38. b3 Bc6 39. Ke3 Bd5 40. Ne1 Bc6 41. Nxf3 a4 42. Nd4+ 1-0

[Event "RD-2013-0-00095"]
[Site "LSS email"]
[Date "2013.11.30"]
[Round "?"]
[White "Rivas Romero, Jesus"]
[Black "Jimenez Alban, Xavier Miguel"]
[Result "1/2-1/2"]
[WhiteElo "1390"]
[BlackElo "1437"]
[PlyCount "53"]
[EventDate "2013.10.12"]
[EventType "tourn (corr)"]
[EventRounds "6"]
[EventCountry "GER"]
[SourceTitle "Telechess CBM 167"]
[Source "ChessBase"]
[SourceDate "2015.07.13"]
[SourceVersion "1"]
[SourceVersionDate "2015.07.13"]
[SourceQuality "1"]

1. e4 e5 2. Nf3 Nc6 3. d4 exd4 4. Nxd4 Bc5 5. Nb3 Bb6 6. a4 a6 7. a5 Ba7 8. Nc3 Qf6 9. Qe2 Nge7 10. Nd5 Nxd5 11. exd5+ Ne7 12. h4 h6 13. g4 Qd6 14. Bg2 0-0 15. g5 h5 16. Qxh5 Nxd5 17. Be4 g6 18. Qf3 Qe7 19. Kf1 Nb4 20. Bd2 d5 21. Re1 Be6 22. h5 dxe4 23. Qxe4 Qd7 24. Qxb4 Bh3+ 25. Kg1 gxh5 26. Re7 Qg4+ 27. Qxg4 1/2-1/2

[Event "RD-2013-0-00095"]
[Site "LSS email"]
[Date "2013.11.29"]
[Round "?"]
[White "Rivas Romero, Jesus"]
[Black "Salazar Moran, Alejandro Fortunato"]
[Result "0-1"]
[WhiteElo "1390"]
[BlackElo "1296"]
[PlyCount "42"]
[EventDate "2013.10.12"]
[EventType "tourn (corr)"]
[EventRounds "6"]
[EventCountry "GER"]
[SourceTitle "Telechess CBM 167"]
[Source "ChessBase"]
[SourceDate "2015.07.13"]
[SourceVersion "1"]
[SourceVersionDate "2015.07.13"]
[SourceQuality "1"]

1. e4 c5 2. Nc3 Nc6 3. f4 d6 4. Nf3 g6 5. Bb5 a6 6. Bxc6+ bxc6 7. d3 Bg7 8. 0-0 Nf6 9. Qe1 0-0 10. Qh4 Rb8 11. f5 gxf5 12. Bh6 Bxh6 13. Qxh6 Rxb2 14. Ng5 Rxc2 15. e5 dxe5 16. Nce4 fxe4 17. Rae1 Qd4+ 18. Kh1 Rf2 19. dxe4 Rd8 20. Qh4 Rxf1+ 21. Rxf1 Qd1 0-1

[Event "RD-2013-0-00094"]
[Site "LSS email"]
[Date "2013.11.25"]
[Round "?"]
[White "Celan, Melissa"]
[Black "Rivas Romero, Jesus"]
[Result "1-0"]
[WhiteElo "1547"]
[BlackElo "1390"]
[PlyCount "43"]
[EventDate "2013.09.28"]
[EventType "tourn (corr)"]
[EventRounds "6"]
[EventCountry "GER"]
[SourceTitle "Telechess CBM 167"]
[Source "ChessBase"]
[SourceDate "2015.07.13"]
[SourceVersion "1"]
[SourceVersionDate "2015.07.13"]
[SourceQuality "1"]

1. d4 Nf6 2. c4 e6 3. Nf3 Bb4+ 4. Nbd2 b6 5. a3 Bxd2+ 6. Bxd2 h6 7. Rc1 Bb7 8. Bf4 0-0 9. c5 bxc5 10. dxc5 a5 11. e3 Nc6 12. Bg3 Qb8 13. Qc2 Rc8 14. Rd1 Qa7 15. Bh4 Nb8 16. Bxf6 gxf6 17. Qc3 e5 18. Nh4 Na6 19. Qc4 Qxc5 20. Qg4+ Kf8 21. Nf5 Ke8 22. Qh4 1-0

[Event "RD-2013-0-00093"]
[Site "LSS email"]
[Date "2013.11.17"]
[Round "?"]
[White "Rivas Romero, Jesus"]
[Black "Boni, Roberto"]
[Result "1/2-1/2"]
[WhiteElo "1390"]
[BlackElo "1552"]
[PlyCount "61"]
[EventDate "2013.09.19"]
[EventType "tourn (corr)"]
[EventRounds "6"]
[EventCountry "GER"]
[SourceTitle "Telechess CBM 167"]
[Source "ChessBase"]
[SourceDate "2015.07.13"]
[SourceVersion "1"]
[SourceVersionDate "2015.07.13"]
[SourceQuality "1"]

1. e4 e5 2. Nf3 Nc6 3. d4 exd4 4. Nxd4 Nf6 5. Nc3 Bb4 6. Nxc6 bxc6 7. Bd3 0-0 8. 0-0 d5 9. exd5 cxd5 10. Bg5 c6 11. Qf3 Be6 12. Ne2 Bg4 13. Bxf6 Bxf3 14. Bxd8 Bxe2 15. Bxe2 Rfxd8 16. Rfd1 Rab8 17. b3 Re8 18. Kf1 Bc3 19. Rab1 g6 20. Rd3 d4 21. Rf3 Re7 22. g3 Kg7 23. Bc4 f5 24. h3 Kh6 25. Kg2 Kg5 26. Rd1 Rbe8 27. h4+ Kh6 28. Rf4 Kh5 29. a4 a5 30. Bd3 c5 31. Bb5 1/2-1/2

[Event "SD-2013-0-00180"]
[Site "LSS email"]
[Date "2013.11.08"]
[Round "?"]
[White "Rivas Romero, Jesus"]
[Black "Corbacho, Jose Luis"]
[Result "0-1"]
[WhiteElo "1338"]
[BlackElo "1594"]
[PlyCount "48"]
[EventDate "2013.09.24"]
[EventType "tourn (corr)"]
[EventRounds "6"]
[EventCountry "GER"]
[SourceTitle "Corr 2015"]
[Source "ChessBase"]
[SourceDate "2015.07.17"]
[SourceVersion "1"]
[SourceVersionDate "2015.07.17"]
[SourceQuality "1"]

1. e4 d5 2. exd5 Nf6 3. d4 Bg4 4. Bb5+ Nbd7 5. f3 Bf5 6. c4 e6 7. dxe6 fxe6 8. Ne2 c6 9. Ba4 Qb6 10. Nbc3 0-0-0 11. Bc2 Ne5 12. b3 Bb4 13. Be3 c5 14. Bxf5 cxd4 15. Bf2 dxc3 16. Qc2 Qa6 17. Bd4 Rxd4 18. Nxd4 exf5 19. 0-0-0 g6 20. Nb5 Qa5 21. Rhe1 Nc6 22. Re3 Bc5 23. Qxc3 Bxe3+ 24. Qxe3 Ne8 0-1

[Event "ZI-2013-0-01711"]
[Site "LSS email"]
[Date "2013.10.31"]
[Round "?"]
[White "Rivas Romero, Jesus"]
[Black "Weber, Peter"]
[Result "0-1"]
[WhiteElo "1457"]
[BlackElo "1434"]
[PlyCount "54"]
[EventDate "2013.10.23"]
[EventType "match (corr)"]
[EventRounds "2"]
[EventCountry "GER"]
[SourceTitle "Telechess CBM 163"]
[Source "ChessBase"]
[SourceDate "2014.11.11"]
[SourceVersion "2"]
[SourceVersionDate "2014.11.11"]
[SourceQuality "1"]

1. e4 c5 2. Nc3 Nc6 3. f4 g6 4. Nf3 Bg7 5. Bb5 Nd4 6. 0-0 Nxb5 7. Nxb5 d6 8. d3 Nf6 9. Qe1 0-0 10. Qh4 c4 11. Nc3 b5 12. f5 b4 13. Ne2 cxd3 14. cxd3 Ba6 15. Rd1 e5 16. Bh6 Bxh6 17. Qxh6 Qb6+ 18. Ned4 Rac8 19. Kh1 exd4 20. Ng5 Qb7 21. Rf1 Bxd3 22. Rf4 Qe7 23. Rh4 Rfe8 24. Nxh7 Nxe4 25. Rxe4 Bxe4 26. f6 Bxg2+ 27. Kxg2 Rc2+ 0-1

[Event "RD-2013-0-00093"]
[Site "LSS email"]
[Date "2013.10.28"]
[Round "?"]
[White "Billio, Maria"]
[Black "Rivas Romero, Jesus"]
[Result "1-0"]
[WhiteElo "1728"]
[BlackElo "1390"]
[PlyCount "53"]
[EventDate "2013.09.19"]
[EventType "tourn (corr)"]
[EventRounds "6"]
[EventCountry "GER"]
[SourceTitle "Telechess CBM 167"]
[Source "ChessBase"]
[SourceDate "2015.07.13"]
[SourceVersion "1"]
[SourceVersionDate "2015.07.13"]
[SourceQuality "1"]

1. d4 Nf6 2. c4 e6 3. Nc3 Bb4 4. Qc2 Nc6 5. e3 d6 6. Bd2 0-0 7. Nb1 e5 8. d5 Bxd2+ 9. Nxd2 Ne7 10. Ne2 Ne8 11. Nc3 f5 12. h4 Nf6 13. h5 c6 14. dxc6 bxc6 15. h6 g6 16. Nf3 Qc7 17. Be2 Rb8 18. b3 Qa5 19. Ng5 d5 20. Rd1 Bd7 21. 0-0 Rfd8 22. Qb2 Rf8 23. Nf3 Qc7 24. Qa3 Rbe8 25. cxd5 cxd5 26. Nb5 Qb6 27. Nd6 1-0

[Event "RD-2013-0-00092"]
[Site "LSS email"]
[Date "2013.10.20"]
[Round "?"]
[White "Vio, Mauro"]
[Black "Rivas Romero, Jesus"]
[Result "1/2-1/2"]
[WhiteElo "1440"]
[BlackElo "1457"]
[PlyCount "53"]
[EventDate "2013.09.08"]
[EventType "tourn (corr)"]
[EventRounds "6"]
[EventCountry "GER"]
[SourceTitle "Telechess CBM 163"]
[Source "ChessBase"]
[SourceDate "2014.11.11"]
[SourceVersion "2"]
[SourceVersionDate "2014.11.11"]
[SourceQuality "1"]

1. c4 Nf6 2. d4 e6 3. Nf3 Bb4+ 4. Bd2 Qe7 5. e3 Nc6 6. Bd3 0-0 7. 0-0 Bxd2 8. Qxd2 d6 9. Nc3 e5 10. Nd5 Qd8 11. dxe5 dxe5 12. h3 Be6 13. Nxf6+ Qxf6 14. Qc2 Bxh3 15. Bxh7+ Kh8 16. Be4 Bg4 17. Bxc6 bxc6 18. Qe4 Bxf3 19. Qxf3 Qxf3 20. gxf3 Rfd8 21. Rad1 Kg8 22. Kg2 Rd6 23. Rxd6 cxd6 24. Rd1 Rd8 25. b4 Kf8 26. f4 exf4 27. exf4 1/2-1/2

[Event "ZI-2013-0-01700"]
[Site "LSS email"]
[Date "2013.10.13"]
[Round "?"]
[White "Basson, Heinrich"]
[Black "Rivas Romero, Jesus"]
[Result "0-1"]
[WhiteElo "1318"]
[BlackElo "1457"]
[PlyCount "36"]
[EventDate "2013.10.08"]
[EventType "match (corr)"]
[EventRounds "2"]
[EventCountry "GER"]
[SourceTitle "Corr 2015"]
[Source "ChessBase"]
[SourceDate "2015.07.17"]
[SourceVersion "1"]
[SourceVersionDate "2015.07.17"]
[SourceQuality "1"]

1. d4 Nf6 2. c4 e6 3. Nf3 Bb4+ 4. Bd2 Qe7 5. a3 Bxd2+ 6. Nbxd2 d6 7. e4 e5 8. dxe5 dxe5 9. Qc2 c5 10. Bd3 Nc6 11. 0-0 0-0 12. Rab1 Nh5 13. g3 Bg4 14. Kg2 Rad8 15. Be2 f5 16. Rfe1 fxe4 17. Nxe4 Bxf3+ 18. Bxf3 Rxf3 0-1

[Event "ZI-2013-0-01700"]
[Site "LSS email"]
[Date "2013.10.13"]
[Round "?"]
[White "Rivas Romero, Jesus"]
[Black "Basson, Heinrich"]
[Result "1-0"]
[WhiteElo "1457"]
[BlackElo "1318"]
[PlyCount "25"]
[EventDate "2013.10.08"]
[EventType "match (corr)"]
[EventRounds "2"]
[EventCountry "GER"]
[SourceTitle "Corr 2015"]
[Source "ChessBase"]
[SourceDate "2015.07.17"]
[SourceVersion "1"]
[SourceVersionDate "2015.07.17"]
[SourceQuality "1"]

1. e4 d5 2. exd5 Qxd5 3. Nc3 Qa5 4. d4 c6 5. Bc4 Nf6 6. Nf3 Bg4 7. h3 Bh5 8. g4 Bg6 9. Ne5 e6 10. h4 Be4 11. Rh3 Nd5 12. Bd2 Qc7 13. Nxe4 1-0

[Event "RD-2013-0-00091"]
[Site "LSS email"]
[Date "2013.10.13"]
[Round "?"]
[White "Rivas Romero, Jesus"]
[Black "Ribelles Sala, Maria Magdalena"]
[Result "1-0"]
[WhiteElo "1390"]
[BlackElo "1197"]
[PlyCount "37"]
[EventDate "2013.08.25"]
[EventType "tourn (corr)"]
[EventRounds "6"]
[EventCountry "GER"]
[SourceTitle "Telechess CBM 167"]
[Source "ChessBase"]
[SourceDate "2015.07.13"]
[SourceVersion "1"]
[SourceVersionDate "2015.07.13"]
[SourceQuality "1"]

1. e4 c5 2. Nc3 Nc6 3. f4 g6 4. Nf3 Bg7 5. Bb5 Nd4 6. 0-0 Nxb5 7. Nxb5 a6 8. Nc3 e6 9. e5 d5 10. d4 Ne7 11. dxc5 0-0 12. Na4 Qa5 13. b3 Bd7 14. Nb6 Qxc5+ 15. Qd4 Qxd4+ 16. Nxd4 Rad8 17. Ba3 Rfe8 18. Nxd7 Rxd7 19. Rad1 1-0

[Event "RD-2013-0-00091"]
[Site "LSS email"]
[Date "2013.10.12"]
[Round "?"]
[White "Rivas Romero, Jesus"]
[Black "Perez, Alberto F"]
[Result "1-0"]
[WhiteElo "1390"]
[BlackElo "1588"]
[PlyCount "37"]
[EventDate "2013.08.25"]
[EventType "tourn (corr)"]
[EventRounds "6"]
[EventCountry "GER"]
[SourceTitle "Telechess CBM 167"]
[Source "ChessBase"]
[SourceDate "2015.07.13"]
[SourceVersion "1"]
[SourceVersionDate "2015.07.13"]
[SourceQuality "1"]

1. e4 c5 2. Nc3 d6 3. f4 g6 4. Nf3 Bg7 5. Bb5+ Bd7 6. 0-0 Bxb5 7. Nxb5 Nc6 8. d3 Nf6 9. Qe1 0-0 10. Qh4 c4 11. Nc3 cxd3 12. cxd3 e6 13. f5 exf5 14. exf5 Ne5 15. Bg5 Nxf3+ 16. Rxf3 Qb6+ 17. d4 Nd7 18. f6 Bh8 19. Nd5 1-0

[Event "CP-2013-P-00014"]
[Site "LSS email"]
[Date "2013.09.30"]
[Round "?"]
[White "Rivas Romero, Jesus"]
[Black "Murphy, Jones"]
[Result "1-0"]
[WhiteElo "1390"]
[BlackElo "1408"]
[PlyCount "73"]
[EventDate "2013.10.01"]
[EventType "tourn (corr)"]
[EventRounds "6"]
[EventCountry "GER"]
[SourceTitle "Telechess CBM 167"]
[Source "ChessBase"]
[SourceDate "2015.07.13"]
[SourceVersion "1"]
[SourceVersionDate "2015.07.13"]
[SourceQuality "1"]

1. e4 e5 2. Nf3 Nc6 3. d4 exd4 4. Nxd4 Nf6 5. Nc3 Bc5 6. Nb3 Bb6 7. Qe2 0-0 8. Bg5 h6 9. Bh4 Re8 10. 0-0-0 a5 11. a4 Nb4 12. f3 d6 13. g4 Qe7 14. g5 Nh7 15. f4 Bd7 16. Qh5 hxg5 17. fxg5 Be3+ 18. Kb1 Bxg5 19. Bf2 Bf6 20. Nd4 Nc6 21. Nd5 Qd8 22. Rg1 Bxd4 23. Bxd4 Nxd4 24. Rxd4 Re5 25. Qd1 Nf6 26. Bc4 Rb8 27. Qf3 Nxd5 28. Bxd5 Be6 29. Rd2 Rg5 30. Rdg2 Rxg2 31. Rxg2 Bxd5 32. exd5 Qe7 33. Qg4 Qf6 34. Re2 b5 35. axb5 Rxb5 36. Re8+ Kh7 37. Qh3+ 1-0

[Event "LSS No Engine Cup 95 Preliminary 7"]
[Site "LSS email"]
[Date "2013.09.21"]
[Round "?"]
[White "Jostov, Keylah"]
[Black "Rivas Romero, Jesus"]
[Result "0-1"]
[WhiteElo "1125"]
[BlackElo "1390"]
[PlyCount "74"]
[EventDate "2013.09.22"]
[EventType "tourn (corr)"]
[EventRounds "6"]
[EventCountry "GER"]
[SourceTitle "Telechess CBM 167"]
[Source "ChessBase"]
[SourceDate "2015.07.13"]
[SourceVersion "1"]
[SourceVersionDate "2015.07.13"]
[SourceQuality "1"]

1. e4 d6 2. d4 Nf6 3. Nc3 g6 4. Nf3 Bg7 5. Be2 0-0 6. 0-0 Bg4 7. Be3 Nc6 8. Qd2 e5 9. d5 Ne7 10. Rad1 Bd7 11. Ne1 b5 12. f3 Qb8 13. Nd3 a5 14. b4 a4 15. a3 c6 16. dxc6 Bxc6 17. Nf2 Rd8 18. f4 d5 19. fxe5 Nxe4 20. Nfxe4 dxe4 21. Qxd8+ Qxd8 22. Rxd8+ Rxd8 23. Bg5 Re8 24. Nxb5 Bxe5 25. Bf6 Nf5 26. Bxe5 Rxe5 27. Nc3 Nd4 28. Bc4 Be8 29. Nd5 Nxc2 30. Nf6+ Kg7 31. Nxe8+ Rxe8 32. Rxf7+ Kh6 33. Bb5 Rb8 34. Bxa4 Nxa3 35. b5 Nxb5 36. Rf4 Nc3 37. Bc2 Ne2+ 0-1

[Event "LSS No Engine Cup 94 Preliminary 5"]
[Site "LSS email"]
[Date "2013.09.08"]
[Round "?"]
[White "Neumann, Frank"]
[Black "Rivas Romero, Jesus"]
[Result "0-1"]
[WhiteElo "547"]
[BlackElo "1457"]
[PlyCount "46"]
[EventDate "2013.09.09"]
[EventType "tourn (corr)"]
[EventRounds "6"]
[EventCountry "GER"]
[SourceTitle "Telechess CBM 163"]
[Source "ChessBase"]
[SourceDate "2014.11.11"]
[SourceVersion "2"]
[SourceVersionDate "2014.11.11"]
[SourceQuality "1"]

1. e4 d6 2. Nf3 Nf6 3. Nc3 g6 4. Be2 Bg7 5. 0-0 0-0 6. Rb1 Bg4 7. b3 c5 8. Bb2 Nc6 9. d3 e6 10. d4 Bxf3 11. Bxf3 Nxd4 12. Re1 Nd7 13. Na4 b5 14. Nc3 b4 15. Ne2 Nxf3+ 16. gxf3 Bxb2 17. Rxb2 Ne5 18. Qd2 Nxf3+ 19. Kf1 Qh4 20. Kg2 Nxd2 21. c3 Qg4+ 22. Kh1 Nf3 23. Rf1 Qh3 0-1

[Event "RD-2013-0-00088"]
[Site "LSS email"]
[Date "2013.09.08"]
[Round "?"]
[White "Rivas Romero, Jesus"]
[Black "Boni, Roberto"]
[Result "1/2-1/2"]
[WhiteElo "1457"]
[BlackElo "1527"]
[PlyCount "49"]
[EventDate "2013.07.23"]
[EventType "tourn (corr)"]
[EventRounds "6"]
[EventCountry "GER"]
[SourceTitle "Telechess CBM 163"]
[Source "ChessBase"]
[SourceDate "2014.11.11"]
[SourceVersion "2"]
[SourceVersionDate "2014.11.11"]
[SourceQuality "1"]

1. e4 c5 2. Nc3 Nc6 3. f4 g6 4. Nf3 Bg7 5. Bb5 Nd4 6. 0-0 Nxb5 7. Nxb5 d5 8. exd5 a6 9. Nc3 Nf6 10. d4 Nxd5 11. dxc5 Nxc3 12. Qxd8+ Kxd8 13. bxc3 Bxc3 14. Rb1 Kc7 15. Rb3 Bf6 16. Bd2 Be6 17. Ba5+ Kc6 18. Rb6+ Kxc5 19. Nd2 Bxa2 20. Rd1 Kd5 21. c4+ Bxc4 22. Nb3+ Ke4 23. Nd2+ Kd3 24. Nf1+ Ke4 25. Nd2+ 1/2-1/2

[Event "LSS No Engine Cup 90 Preliminary 7"]
[Site "LSS email"]
[Date "2013.07.01"]
[Round "?"]
[White "Klawitter, Bernd"]
[Black "Rivas Romero, Jesus"]
[Result "0-1"]
[WhiteElo "717"]
[BlackElo "1457"]
[PlyCount "90"]
[EventDate "2013.07.02"]
[EventType "tourn (corr)"]
[EventRounds "6"]
[EventCountry "GER"]
[SourceTitle "Telechess CBM 163"]
[Source "ChessBase"]
[SourceDate "2014.11.11"]
[SourceVersion "2"]
[SourceVersionDate "2014.11.11"]
[SourceQuality "1"]

1. e4 d6 2. d4 Nf6 3. Bd3 g6 4. c3 Bg7 5. Nf3 Bg4 6. h3 Bxf3 7. Qxf3 Nc6 8. 0-0 0-0 9. Be3 e5 10. d5 Ne7 11. c4 Nd7 12. Nc3 f5 13. Qe2 f4 14. Bd2 f3 15. Qe3 fxg2 16. Kxg2 Nf6 17. f4 exf4 18. Qxf4 Nfxd5 19. Qg4 Nxc3 20. bxc3 Nc6 21. Qe6+ Kh8 22. Rxf8+ Qxf8 23. Rf1 Qe8 24. Qxe8+ Rxe8 25. Re1 Ne5 26. Bf1 Rf8 27. a4 g5 28. Be2 h6 29. Rf1 Kg8 30. Rxf8+ Kxf8 31. Be3 Nc6 32. Kf2 Bxc3 33. Bf1 Bd4 34. Bxd4 Nxd4 35. Ke3 Nc6 36. Kd3 Ke7 37. Ke3 Kd7 38. Bd3 Ne5 39. Be2 Kc6 40. Kd4 Ng6 41. Bf1 Nf4 42. Ke3 Kc5 43. Kd2 Kd4 44. Kc2 Kxe4 45. Kc3 Ke3 0-1

[Event "LSS No Engine Cup 90 Preliminary 7"]
[Site "LSS email"]
[Date "2013.07.01"]
[Round "?"]
[White "Miquel Badenes, Jose"]
[Black "Rivas Romero, Jesus"]
[Result "0-1"]
[WhiteElo "1105"]
[BlackElo "1457"]
[PlyCount "34"]
[EventDate "2013.07.02"]
[EventType "tourn (corr)"]
[EventRounds "6"]
[EventCountry "GER"]
[SourceTitle "Corr 2015"]
[Source "ChessBase"]
[SourceDate "2015.07.17"]
[SourceVersion "1"]
[SourceVersionDate "2015.07.17"]
[SourceQuality "1"]

1. d4 Nf6 2. Nf3 e6 3. Bg5 c5 4. e3 Qb6 5. Qc1 Ne4 6. Bh4 Nc6 7. c3 d5 8. Nbd2 cxd4 9. exd4 Bd7 10. Bd3 f5 11. Nb3 Bd6 12. Ng5 h6 13. Nh3 g5 14. Bxe4 dxe4 15. Bxg5 hxg5 16. Qxg5 Ne7 17. g3 Rxh3 0-1

[Event "OP-2013-0-02852"]
[Site "LSS email"]
[Date "2013.06.30"]
[Round "?"]
[White "Sandocal, Uzmir"]
[Black "Rivas Romero, Jesus"]
[Result "1-0"]
[WhiteElo "1496"]
[BlackElo "1457"]
[PlyCount "47"]
[EventDate "2013.06.27"]
[EventType "tourn (corr)"]
[EventRounds "4"]
[EventCountry "GER"]
[SourceTitle "Telechess CBM 163"]
[Source "ChessBase"]
[SourceDate "2014.11.11"]
[SourceVersion "2"]
[SourceVersionDate "2014.11.11"]
[SourceQuality "1"]

1. b3 Nf6 2. Bb2 e6 3. Nf3 Be7 4. d4 0-0 5. e3 b6 6. Bb5 Bb7 7. 0-0 d5 8. Nbd2 c5 9. dxc5 bxc5 10. Ne5 Qc7 11. c4 Rd8 12. cxd5 exd5 13. Rc1 Qa5 14. Ba4 Qb6 15. Qf3 Na6 16. Rfe1 Rac8 17. a3 c4 18. Bd4 Bc5 19. Qf5 Bxd4 20. exd4 Qxd4 21. Ndf3 Qb2 22. Ng5 cxb3 23. Ng4 g6 24. Nxf6+ 1-0

[Event "RC-2013-0-00122"]
[Site "LSS email"]
[Date "2013.06.30"]
[Round "?"]
[White "Schulz, Hans Juergen"]
[Black "Rivas Romero, Jesus"]
[Result "1-0"]
[WhiteElo "1709"]
[BlackElo "1434"]
[PlyCount "63"]
[EventDate "2013.05.14"]
[EventType "tourn (corr)"]
[EventRounds "6"]
[EventCountry "GER"]
[SourceTitle "Telechess CBM 161"]
[Source "ChessBase"]
[SourceDate "2014.07.16"]
[SourceVersion "1"]
[SourceVersionDate "2014.07.16"]
[SourceQuality "1"]

1. d4 Nf6 2. c4 e6 3. Nc3 Bb4 4. Qc2 0-0 5. a3 Bxc3+ 6. Qxc3 b5 7. cxb5 c6 8. Bg5 cxb5 9. e3 Bb7 10. Nf3 a6 11. Bd3 d6 12. 0-0 Nbd7 13. Rfe1 h6 14. Bh4 Qb6 15. e4 Rfc8 16. Qd2 d5 17. e5 Ne4 18. Qe3 b4 19. Be7 a5 20. Bxe4 dxe4 21. Nd2 Rc2 22. Rac1 Qc6 23. Bc5 Rxb2 24. Bxb4 Qd5 25. Bd6 f6 26. Rc7 Bc6 27. Rc1 Ra6 28. h4 fxe5 29. Nc4 exd4 30. Qg3 Rb8 31. Rxd7 Bxd7 32. Be5 1-0